[Event "Tres Cantos op 10th"]
[Site "Tres Cantos"]
[Date "2018.06.22"]
[Round "2.41"]
[White "Barroso Barroso, Jorge"]
[Black "Tejuca Verdugo, Carlos"]
[Result "1-0"]
[WhiteElo "1879"]
[BlackElo "1518"]
[PlyCount "51"]
[EventDate "2018.06.21"]
[EventType "swiss"]
[EventRounds "9"]
[EventCountry "ESP"]
[SourceTitle "EXT 2024"]
[Source "ChessBase"]
[SourceDate "2023.10.10"]
[SourceVersion "1"]
[SourceVersionDate "2023.10.10"]
[SourceQuality "1"]

1. e4 c5 2. c4 Nc6 3. Ne2 g6 4. d4 cxd4 5. Nxd4 Bg7 6. Be3 e6 7. Nc3 Nge7 8. Rc1 b6 9. Be2 Bb7 10. Ndb5 0-0 11. Nd6 Qc7 12. f4 e5 13. f5 Nd4 14. Ncb5 Nxb5 15. cxb5 Qb8 16. 0-0 Nc8 17. Nxb7 Qxb7 18. f6 Bh8 19. Qd2 d6 20. Bc4 Qd7 21. Bh6 Rd8 22. Bg7 Bxg7 23. fxg7 Ne7 24. Qf2 Kxg7 25. Qf6+ Kg8 26. Qxf7+ 1-0

[Event "Madrid-ch Previa-A"]
[Site "Madrid"]
[Date "2013.02.13"]
[Round "6"]
[White "Maseda Iglesias, Luis"]
[Black "Barroso Barroso, Jorge"]
[Result "1/2-1/2"]
[WhiteElo "1747"]
[BlackElo "1859"]
[PlyCount "72"]
[EventDate "2013.02.04"]
[EventType "swiss"]
[EventRounds "9"]
[EventCountry "ESP"]
[SourceTitle "EXT 2015"]
[Source "ChessBase"]
[SourceDate "2014.11.20"]
[SourceVersion "1"]
[SourceVersionDate "2014.11.20"]
[SourceQuality "1"]

1. d4 Nf6 2. Nf3 g6 3. Nc3 d5 4. Bf4 Bg7 5. e3 0-0 6. Be2 c5 7. 0-0 Nc6 8. Ne5 cxd4 9. exd4 Nd7 10. Nxc6 bxc6 11. Na4 Qa5 12. c3 Ba6 13. Re1 Bxe2 14. Rxe2 Rfe8 15. Qc2 Rac8 16. Rae1 e6 17. b4 Qb5 18. Nb2 a5 19. a3 axb4 20. axb4 Ra8 21. Qd3 Ra3 22. Qc2 Rea8 23. Rc1 Ra2 24. Qd1 Nb6 25. h3 Na4 26. Nd3 Ra3 27. Rec2 Nb6 28. Nb2 Ra2 29. g3 Nc4 30. Nxc4 Qxc4 31. Rxa2 Rxa2 32. Ra1 Qa6 33. Rxa2 Qxa2 34. Qc1 Qa6 35. Qe1 Qa3 36. Kg2 Qa6 1/2-1/2

[Event "Madrid-ch Previa-A"]
[Site "Madrid"]
[Date "2013.02.11"]
[Round "4"]
[White "Lopez Heras, Arturo"]
[Black "Barroso Barroso, Jorge"]
[Result "1-0"]
[WhiteElo "1917"]
[BlackElo "1859"]
[PlyCount "91"]
[EventDate "2013.02.04"]
[EventType "swiss"]
[EventRounds "9"]
[EventCountry "ESP"]
[SourceTitle "EXT 2015"]
[Source "ChessBase"]
[SourceDate "2014.11.20"]
[SourceVersion "1"]
[SourceVersionDate "2014.11.20"]
[SourceQuality "1"]

1. e4 e6 2. d4 d5 3. e5 c5 4. Nf3 Nc6 5. Bd3 cxd4 6. 0-0 Nge7 7. Bf4 Bd7 8. a3 Ng6 9. Bg3 Qb6 10. b4 a6 11. Nbd2 Na7 12. Nb3 Bb5 13. Nbxd4 Bxd3 14. Qxd3 Ne7 15. c4 dxc4 16. Qxc4 Rc8 17. Qb3 Nec6 18. Rfd1 Nxd4 19. Rxd4 Nc6 20. Rg4 h5 21. Re4 Be7 22. Bh4 0-0 23. Rae1 Rfd8 24. Bxe7 Nxe7 25. g4 Nd5 26. Ng5 Qc6 27. Qh3 f6 28. exf6 Nxf6 29. Rxe6 Qc3 30. R6e3 Qc2 31. gxh5 Rd1 32. h6 Rxe1+ 33. Rxe1 Qc4 34. h7+ Kh8 35. Nf7+ Qxf7 36. Qxc8+ Kxh7 37. Qh3+ Nh5 38. Qd3+ Kh8 39. Rc1 Qe6 40. Kf1 Qg4 41. Re1 Nf6 42. Re3 Qg5 43. Qb3 Nd5 44. Re8+ Kh7 45. Qh3+ Kg6 46. Qg3 1-0

[Event "San Sebastian de los Reyes op 14th"]
[Site "San Sebastian"]
[Date "2012.12.07"]
[Round "7"]
[White "Barroso Barroso, Jorge"]
[Black "Sebastian Enesco, Alex"]
[Result "1/2-1/2"]
[WhiteElo "1853"]
[BlackElo "1731"]
[PlyCount "58"]
[EventDate "2012.12.01"]
[EventType "swiss"]
[EventRounds "9"]
[EventCountry "ESP"]
[SourceTitle "CBM 151 Extra"]
[Source "ChessBase"]
[SourceDate "2012.12.18"]
[SourceVersion "1"]
[SourceVersionDate "2012.12.18"]
[SourceQuality "1"]

1. e4 Nf6 2. Nc3 c5 3. Nf3 d6 4. Bb5+ Bd7 5. Bxd7+ Nbxd7 6. d3 g6 7. 0-0 Bg7 8. Bd2 a6 9. a4 0-0 10. Qc1 Ng4 11. Nd5 e6 12. Ne3 Nde5 13. Nxe5 Nxe5 14. f4 Nc6 15. f5 exf5 16. exf5 Nd4 17. Qd1 Bh6 18. Ng4 Bxd2 19. Qxd2 Nxf5 20. Qf4 h5 21. Nf2 Qh4 22. Qxh4 Nxh4 23. Ne4 Rad8 24. a5 Kg7 25. Ra4 Nf5 26. b4 c4 27. dxc4 Ne3 28. Rb1 Nxc4 29. b5 Rfe8 1/2-1/2

[Event "Tres Cantos op 4th"]
[Site "Tres Cantos"]
[Date "2012.06.29"]
[Round "9"]
[White "Aguado Solana, Juan"]
[Black "Barroso Barroso, Jorge"]
[Result "1/2-1/2"]
[WhiteElo "2083"]
[BlackElo "1812"]
[PlyCount "72"]
[EventDate "2012.06.21"]
[EventType "swiss"]
[EventRounds "9"]
[EventCountry "ESP"]
[SourceTitle "CBM 149 Extra"]
[Source "ChessBase"]
[SourceDate "2012.08.24"]
[SourceVersion "1"]
[SourceVersionDate "2012.08.24"]
[SourceQuality "1"]

1. e4 e6 2. d4 d5 3. e5 c5 4. c3 Nc6 5. Nf3 Qb6 6. a3 cxd4 7. cxd4 Nge7 8. b4 Nf5 9. Bb2 Bd7 10. g4 Nfe7 11. Nbd2 Ng6 12. Rc1 Be7 13. Nb3 0-0 14. Qd2 f6 15. Nc5 Bxc5 16. Rxc5 fxe5 17. Nxe5 Ncxe5 18. dxe5 Nh4 19. Be2 a6 20. Qg5 Qd8 21. Qxd8 Raxd8 22. 0-0 Rc8 23. Rfc1 Rxc5 24. Rxc5 Bc6 25. Kf1 Nf3 26. Rc3 Nd2+ 27. Ke1 Ne4 28. Rf3 Ng5 29. Re3 d4 30. Bxd4 Nf3+ 31. Bxf3 Rxf3 32. h3 Rxe3+ 33. Bxe3 Kf7 34. Ke2 Kg6 35. f3 h5 36. Bc5 hxg4 1/2-1/2

[Event "Madrid-ch sf-A"]
[Site "Madrid"]
[Date "2012.04.24"]
[Round "8"]
[White "Barroso Barroso, Jorge"]
[Black "Lopez Heras, Arturo"]
[Result "1/2-1/2"]
[WhiteElo "1763"]
[BlackElo "1882"]
[PlyCount "91"]
[EventDate "2012.04.10"]
[EventType "swiss"]
[EventRounds "9"]
[EventCountry "ESP"]
[SourceTitle "CBM 148 Extra"]
[Source "ChessBase"]
[SourceDate "2012.06.22"]
[SourceVersion "1"]
[SourceVersionDate "2012.06.22"]
[SourceQuality "1"]

1. f4 d5 2. Nf3 c5 3. e3 Nc6 4. Bb5 Nf6 5. 0-0 a6 6. Bxc6+ bxc6 7. b3 e6 8. Bb2 Be7 9. Nc3 0-0 10. Ne2 a5 11. Ng3 a4 12. Ne5 Qc7 13. d3 Rd8 14. Qf3 Bb7 15. Ng4 Nxg4 16. Qxg4 d4 17. exd4 cxd4 18. f5 Ra5 19. f6 Bf8 20. fxg7 Bxg7 21. Nh5 Qe5 22. Nxg7 Qxg7 23. Qxg7+ Kxg7 24. b4 Rg5 25. Bc1 Rg6 26. g3 h5 27. Rf4 e5 28. Rf5 h4 29. Rxe5 hxg3 30. Rg5 gxh2+ 31. Kxh2 Rh8+ 32. Kg3 Rh1 33. Rxg6+ Kxg6 34. Bb2 Rxa1 35. Bxa1 Bc8 36. a3 Be6 37. Kf3 Ba2 38. Ke2 Bb1 39. Kd2 f5 40. Bxd4 f4 41. c4 Kf5 42. b5 cxb5 43. cxb5 Ba2 44. Kc3 Ke6 45. Kb4 Bb3 46. Bf2 1/2-1/2

[Event "Madrid-ch sf-A"]
[Site "Madrid"]
[Date "2012.04.16"]
[Round "4"]
[White "Andalon Gomez, Carlos Jesus"]
[Black "Barroso Barroso, Jorge"]
[Result "1-0"]
[WhiteElo "2035"]
[BlackElo "1763"]
[PlyCount "43"]
[EventDate "2012.04.10"]
[EventType "swiss"]
[EventRounds "9"]
[EventCountry "ESP"]
[SourceTitle "CBM 148 Extra"]
[Source "ChessBase"]
[SourceDate "2012.06.22"]
[SourceVersion "1"]
[SourceVersionDate "2012.06.22"]
[SourceQuality "1"]

1. d4 d5 2. c4 c6 3. Nc3 e6 4. e4 dxc4 5. Bxc4 b5 6. Bb3 Bb7 7. Nf3 a6 8. 0-0 h6 9. d5 cxd5 10. exd5 exd5 11. Re1+ Ne7 12. Nxd5 Nbc6 13. Be3 Nxd5 14. Bb6+ Nde7 15. Bxd8 Rxd8 16. Qe2 g6 17. Ne5 Nxe5 18. Qxe5 Rh7 19. Qf6 Rd7 20. Rad1 Rxd1 21. Rxd1 Nc6 22. Bd5 1-0

[Event "Madrid-ch Previa-A"]
[Site "Madrid"]
[Date "2012.02.22"]
[Round "9"]
[White "Barroso Barroso, Jorge"]
[Black "Lozano Sanchez, Jose Antonio"]
[Result "1-0"]
[WhiteElo "1740"]
[BlackElo "1894"]
[PlyCount "67"]
[EventDate "2012.02.06"]
[EventType "swiss"]
[EventRounds "9"]
[EventCountry "ESP"]
[SourceTitle "CBM 147 Extra"]
[Source "ChessBase"]
[SourceDate "2012.04.24"]
[SourceVersion "1"]
[SourceVersionDate "2012.04.24"]
[SourceQuality "1"]

1. e4 e5 2. Nf3 Nc6 3. Bb5 Bc5 4. 0-0 d6 5. h3 a6 6. Ba4 b5 7. Bb3 Nf6 8. Re1 0-0 9. c3 h6 10. d3 Be6 11. Bc2 Ne7 12. Nbd2 Ng6 13. Nf1 c6 14. d4 Bb6 15. Be3 Qc7 16. Ng3 Rad8 17. Qc1 Qe7 18. Nf5 Bxf5 19. exf5 Nh8 20. dxe5 Nd5 21. Bxb6 Nxb6 22. f6 Qc7 23. fxg7 Kxg7 24. exd6 Rxd6 25. Nd4 Rf6 26. Nf5+ Kh7 27. Nxh6+ Ng6 28. Ng4 Rd6 29. Qh6+ Kg8 30. Ne5 Re6 31. Nxg6 Rxe1+ 32. Rxe1 fxg6 33. Qxg6+ Qg7 34. Bb3+ 1-0

[Event "Madrid-ch Previa-A"]
[Site "Madrid"]
[Date "2012.02.14"]
[Round "5"]
[White "Jara Sanchez, Carlos"]
[Black "Barroso Barroso, Jorge"]
[Result "0-1"]
[WhiteElo "1748"]
[BlackElo "1740"]
[PlyCount "70"]
[EventDate "2012.02.06"]
[EventType "swiss"]
[EventRounds "9"]
[EventCountry "ESP"]
[SourceTitle "CBM 147 Extra"]
[Source "ChessBase"]
[SourceDate "2012.04.24"]
[SourceVersion "1"]
[SourceVersionDate "2012.04.24"]
[SourceQuality "1"]

1. e4 e6 2. d4 d5 3. e5 c5 4. c3 Nc6 5. Nf3 Qb6 6. Qb3 Qxb3 7. axb3 cxd4 8. cxd4 Bd7 9. Bd2 Be7 10. Be2 f6 11. Na3 a6 12. Nc2 fxe5 13. dxe5 Rc8 14. Rc1 Bd8 15. 0-0 Nge7 16. Ncd4 0-0 17. Bd3 Nxd4 18. Nxd4 Nc6 19. Nf3 Be7 20. Be3 Nb4 21. Bb1 Bb5 22. Rfd1 Be2 23. Rxc8 Rxc8 24. Rc1 Rxc1+ 25. Bxc1 Bxf3 26. gxf3 Nc6 27. f4 Nd4 28. Be3 Nxb3 29. f5 Kf7 30. fxe6+ Kxe6 31. f4 g6 32. Ba2 Na5 33. Kf2 b5 34. Bd2 Nc4 35. Ke2 Nxb2 0-1

[Event "Tres Cantos op 3rd"]
[Site "Tres Cantos"]
[Date "2011.06.29"]
[Round "8"]
[White "Cabrera Fernandez, Daniel"]
[Black "Barroso Barroso, Jorge"]
[Result "1/2-1/2"]
[WhiteElo "1854"]
[BlackElo "1611"]
[PlyCount "97"]
[EventDate "2011.06.22"]
[EventType "swiss"]
[EventRounds "9"]
[EventCountry "ESP"]
[SourceTitle "EXT 2012"]
[Source "ChessBase"]
[SourceDate "2011.11.24"]
[SourceVersion "1"]
[SourceVersionDate "2011.11.24"]
[SourceQuality "1"]

1. e4 e6 2. d4 d5 3. e5 c5 4. c3 Nc6 5. Nf3 Qb6 6. Be2 cxd4 7. cxd4 Nge7 8. 0-0 Nf5 9. Kh1 Nfxd4 10. Be3 Bc5 11. Qc1 Nxe2 12. Qxc5 Qxc5 13. Bxc5 Nf4 14. Rd1 Ng6 15. Nc3 b6 16. Bd6 Ba6 17. Nd4 Ncxe5 18. Nxd5 exd5 19. Re1 f6 20. f4 Kd7 21. fxe5 fxe5 22. Bxe5 Nxe5 23. Rxe5 Bb7 24. Kg1 Rhe8 25. Rh5 h6 26. Rd1 Re4 27. Rf5 Rae8 28. Kf2 R8e7 29. Rf3 R4e5 30. b4 Ke8 31. b5 a5 32. Rd2 Rf7 33. Rxf7 Kxf7 34. Nc6 Bxc6 35. bxc6 Ke7 36. Rb2 Kd6 37. Rxb6 d4 38. Rb7 Kxc6 39. Rxg7 h5 40. g4 hxg4 41. Rxg4 Kc5 42. h4 Kc4 43. Rg5 Re4 44. h5 d3 45. h6 d2 46. Rg1 Rh4 47. Ke2 Kc3 48. Kd1 Rxh6 49. Rg3+ 1/2-1/2